| 000 | 01204cam a2200325 i 4500 | ||
|---|---|---|---|
| 999 |
_c200441352 _d59564 |
||
| 003 | TR-AnTOB | ||
| 005 | 20230111095648.0 | ||
| 007 | ta | ||
| 008 | 730314s1972 nyua 100 0 eng | ||
| 010 | _a 73155973 | ||
| 040 |
_aDLC _beng _erda _cDLC _dDLC _dTR-AnTOB |
||
| 041 | 0 | _aeng | |
| 050 | 0 | 4 |
_aHQ793 _b.S96 1971 |
| 090 |
_aHQ793 _b.S96 1971 |
||
| 111 | 2 |
_aSymposium on the Participation of Youth in the Second United Nations Development Decade _d(1971 : _cGeneva) _9140102 |
|
| 245 | 1 | 0 |
_aYouth in the second development decade : _breport. |
| 264 | 1 |
_aNew York : _bUnited Nations, _c1972. |
|
| 300 |
_a42 pages : _billustrations ; _c21 cm |
||
| 336 |
_2rdacontent _atext _btxt |
||
| 337 |
_2rdamedia _aunmediated _bn |
||
| 338 |
_2rdacarrier _avolume _bnc |
||
| 500 | _aAt head of title: United Nations Centre for Economic and Social Information. | ||
| 500 | _a"Under the sponsorship of the UN Social Development Division." | ||
| 650 | 0 |
_aYouth _vCongresses _9137523 |
|
| 710 | 2 |
_aUnited Nations. _bCentre for Economic and Social Information _9140103 |
|
| 710 | 2 |
_aUnited Nations. _bSocial Development Division _9140104 |
|
| 942 |
_2lcc _cBK |
||